| 000 | 01130cam a2200301 i 4500 | ||
|---|---|---|---|
| 001 | 61901 | ||
| 003 | Mx-PuUPA | ||
| 005 | 20220620093144.0 | ||
| 008 | 141210s2012 mx a gr 001 0 spa d | ||
| 020 | _a9786077074274 | ||
| 040 |
_aMx-PuUPA _bspa _cMx-PuUPA _dMx-PuUPA _erda |
||
| 041 | 0 | _aspa | |
| 245 | 1 | 0 |
_aPlaneación estratégica para áreas funcionales : _bguía práctica / _cAlejandro Eugenio Lerma y Kirchner, Sergio Bárcena Juárez |
| 250 | _aPrimera edición | ||
| 264 | 1 |
_aCiudad de México : _bAlfaomega Grupo Editor, _c2012 _c©2016 |
|
| 300 |
_axxiv, 328 paginas : _bilustraciones ; _c23 cm. |
||
| 336 |
_atexto _2rdacontent _btxt |
||
| 337 |
_asin medio _2rdamedia _bn |
||
| 338 |
_avolumen _2rdacarrier _bnc |
||
| 500 | _aReimpresiones: (Trigésima primera, septiembre 2019). | ||
| 650 | 4 | _aPlaneación estratégica | |
| 650 | 4 | _aPlanificación de negocios | |
| 700 | 1 |
_aBárcena Juárez, Sergio, _eautor |
|
| 942 |
_2ddc _h658.4012 _iL614 _cLI |
||
| 999 |
_c61901 _d61901 |
||